Education and National Development: (Record no. 9162)
[ view plain ]
| 000 -LEADER | |
|---|---|
| fixed length control field | 00706nam a22001937a 4500 |
| 003 - CONTROL NUMBER IDENTIFIER | |
| control field | OSt |
| 005 - DATE AND TIME OF LATEST TRANSACTION | |
| control field | 20240711114811.0 |
| 008 - FIXED-LENGTH DATA ELEMENTS--GENERAL INFORMATION | |
| fixed length control field | 240711b |||||||| |||| 00| 0 eng d |
| 020 ## - INTERNATIONAL STANDARD BOOK NUMBER | |
| International Standard Book Number | 9788080349749 |
| 040 ## - CATALOGING SOURCE | |
| Original cataloging agency | DDC |
| Transcribing agency | MUST |
| 082 ## - DEWEY DECIMAL CLASSIFICATION NUMBER | |
| Classification number | 379 EDU 2000 |
| 100 ## - MAIN ENTRY--PERSONAL NAME | |
| Personal name | Edited by Steve Olson, Ingemar ...( et al) |
| 9 (RLIN) | 18682 |
| 245 ## - TITLE STATEMENT | |
| Title | Education and National Development: |
| Remainder of title | A comparative approach on Inquiry and the National S science Education Standards/ |
| Statement of responsibility, etc. | Edited by Steve Olson, Ingemar |
| 260 ## - PUBLICATION, DISTRIBUTION, ETC. (IMPRINT) | |
| Place of publication, distribution, etc. | Washington: |
| Name of publisher, distributor, etc. | National Academy Press; |
| Date of publication, distribution, etc. | 2000. |
| 300 ## - PHYSICAL DESCRIPTION | |
| Extent | xviii,202p.: |
| Other physical details | ill; |
| Dimensions | 27.5cm. |
| 504 ## - BIBLIOGRAPHY, ETC. NOTE | |
| Bibliography, etc | Includes Bibliographical Appendixes and Indexes |
| 650 ## - SUBJECT ADDED ENTRY--TOPICAL TERM | |
| Topical term or geographic name as entry element | Education |
| 9 (RLIN) | 1404 |
| 942 ## - ADDED ENTRY ELEMENTS (KOHA) | |
| Source of classification or shelving scheme | Dewey Decimal Classification |
| Koha item type | Open Shelf |
| Withdrawn status | Lost status | Source of classification or shelving scheme | Damaged status | Not for loan | Home library | Current library | Source of acquisition | Inventory number | Total Checkouts | Full call number | Barcode | Date last seen | Koha item type |
|---|---|---|---|---|---|---|---|---|---|---|---|---|---|
| Dewey Decimal Classification | MUST Main Library | MUST Main Library | Purchase | 12/36540 | 379 EDU 2000 | 2024-21938 | 11/07/2024 | Open Shelf |
